[Event "Dallas UTD-B"]
[Site "Dallas"]
[Date "2009.11.27"]
[Round "7"]
[White "Bryant, John Daniel"]
[Black "Vazirova, Karina"]
[Result "1-0"]
[WhiteElo "2359"]
[BlackElo "2187"]
[PlyCount "37"]
[EventDate "2009.11.21"]
[EventType "tourn"]
[EventRounds "9"]
[EventCountry "USA"]
[EventCategory "2"]
[SourceTitle "CBM 133 Extra"]
[Source "ChessBase"]
[SourceDate "2010.01.05"]
[SourceVersion "1"]
[SourceVersionDate "2010.01.05"]
[SourceQuality "1"]

1. e4 e6 2. d4 d5 3. Nd2 Nf6 4. e5 Nfd7 5. f4 c5 6. c3 Nc6 7. Ndf3 cxd4 8. cxd4 Qb6 9. g3 Bb4+ 10. Kf2 f6 11. Kg2 0-0 12. Bd3 fxe5 13. fxe5 Be7 14. Ne2 Nb4 15. Bb1 Qa6 16. h4 Nb6 17. Nf4 Bd7 18. Ng5 g6 19. Nxh7 1-0

[Event "USA tt"]
[Site "ICC INT"]
[Date "2008.10.13"]
[Round "8"]
[White "Vazirova, Karina"]
[Black "Prilleltensky, Matan"]
[Result "1/2-1/2"]
[WhiteElo "2226"]
[BlackElo "2074"]
[PlyCount "57"]
[EventDate "2008.10.22"]
[EventType "team"]
[EventRounds "10"]
[EventCountry "USA"]
[SourceTitle "CBM 126 Extra"]
[Source "ChessBase"]
[SourceDate "2008.11.05"]
[SourceVersion "1"]
[SourceVersionDate "2008.11.05"]
[SourceQuality "1"]

1. e4 e5 2. Bc4 Nf6 3. d3 c6 4. Nf3 d5 5. Bb3 a5 6. a3 Bd6 7. Nc3 dxe4 8. Ng5 0-0 9. Ngxe4 Nxe4 10. Nxe4 Bf5 11. Qf3 Bxe4 12. dxe4 Nd7 13. c3 a4 14. Bc2 Nc5 15. 0-0 Qe7 16. Rd1 Rfd8 17. Be3 b5 18. Rd2 Ne6 19. g3 Bc5 20. Rad1 Rxd2 21. Rxd2 Rd8 22. Bxc5 Nxc5 23. Qd1 Rxd2 24. Qxd2 g6 25. c4 Ne6 26. cxb5 Nd4 27. Kg2 cxb5 28. Qc3 Qd6 29. Bd3 1/2-1/2

[Event "Texas op (Women)"]
[Site "Lubbock"]
[Date "2008.09.28"]
[Round "4"]
[White "Vazirova, Karina"]
[Black "Foisor, Sabina Francesca"]
[Result "0-1"]
[WhiteElo "2226"]
[BlackElo "2337"]
[PlyCount "90"]
[EventDate "2008.09.27"]
[EventType "swiss"]
[EventRounds "5"]
[EventCountry "USA"]
[SourceTitle "CBM 126 Extra"]
[Source "ChessBase"]
[SourceDate "2008.11.05"]
[SourceVersion "1"]
[SourceVersionDate "2008.11.05"]
[SourceQuality "1"]

1. e4 c6 2. d4 g6 3. Be3 d5 4. f3 Bg7 5. Nc3 Qb6 6. Rb1 Qa5 7. Qd2 Be6 8. b4 Qd8 9. b5 Nf6 10. bxc6 bxc6 11. Nge2 dxe4 12. fxe4 Ng4 13. d5 Nxe3 14. Qxe3 cxd5 15. exd5 Bf5 16. Nd4 0-0 17. Nxf5 gxf5 18. Be2 Qa5 19. Rb3 Rc8 20. 0-0 Rxc3 21. Rxc3 Qxc3 22. Qxe7 Nd7 23. Qxd7 Qe3+ 24. Kh1 Qxe2 25. Qxf5 Rf8 26. h3 Qe5 27. Qd3 Qd4 28. Qf5 Qe5 29. Qd3 Rc8 30. c4 Qd4 31. Qf5 Qxc4 32. Qxf7+ Kh8 33. Re1 Rf8 34. Qxa7 Bd4 35. Qe7 Rf1+ 36. Rxf1 Qxf1+ 37. Kh2 Bg1+ 38. Kg3 Qf2+ 39. Kg4 Qxg2+ 40. Kf5 Qxh3+ 41. Ke5 Qe3+ 42. Kd6 Qxe7+ 43. Kxe7 h5 44. d6 h4 45. d7 Bb6 0-1

[Event "USA tt"]
[Site "ICC INT"]
[Date "2008.09.17"]
[Round "4"]
[White "Prilleltensky, Matan"]
[Black "Vazirova, Karina"]
[Result "1/2-1/2"]
[WhiteElo "2074"]
[BlackElo "2226"]
[PlyCount "128"]
[EventDate "2008.10.22"]
[EventType "team"]
[EventRounds "10"]
[EventCountry "USA"]
[SourceTitle "CBM 126 Extra"]
[Source "ChessBase"]
[SourceDate "2008.11.05"]
[SourceVersion "1"]
[SourceVersionDate "2008.11.05"]
[SourceQuality "1"]

1. e4 e6 2. d4 d5 3. Nd2 Nf6 4. e5 Nfd7 5. Bd3 c5 6. c3 Nc6 7. Ngf3 cxd4 8. cxd4 f6 9. exf6 Nxf6 10. 0-0 Bd6 11. b3 0-0 12. Bb2 Bd7 13. Ne5 Be8 14. h3 Rc8 15. a3 Bh5 16. Qe1 Bb8 17. b4 a6 18. Nb3 Nxe5 19. dxe5 Nd7 20. f4 Bg6 21. Bxg6 hxg6 22. Qg3 Kh7 23. Rac1 Qe7 24. Nd2 Rxc1 25. Bxc1 g5 26. Nf3 gxf4 27. Bxf4 Rf5 28. Rc1 Nf8 29. Rc8 Ba7+ 30. Kh2 Bb6 31. Ng5+ Kg8 32. Qh4 Bd8 33. Qg3 Rxg5 34. Bxg5 Qxg5 35. Qxg5 Bxg5 36. g3 d4 37. h4 Be3 38. Kg2 d3 39. Rd8 d2 40. Kf3 Bb6 41. Rxd2 Kf7 42. Ke4 Ke7 43. h5 Nd7 44. Rc2 Nb8 45. a4 Nc6 46. b5 axb5 47. axb5 Nd4 48. Rc8 Nxb5 49. Rg8 Kf7 50. Rb8 Nc3+ 51. Kf3 Nd5 52. Rxb7+ Bc7 53. g4 g6 54. Ra7 gxh5 55. gxh5 Kg7 56. Kg4 Kh6 57. Ra6 Bb6 58. Kh4 Bf2+ 59. Kg4 Nb6 60. Ra7 Nc4 61. Re7 Nxe5+ 62. Kh3 Kxh5 63. Rxe6 Ng6 64. Rxg6 Kxg6 1/2-1/2

[Event "Ekaterinburg"]
[Site "Ekaterinburg"]
[Date "2008.05.22"]
[Round "10"]
[White "Pakhomov, Alexey"]
[Black "Vazirova, Karina"]
[Result "1/2-1/2"]
[WhiteElo "2468"]
[BlackElo "2175"]
[PlyCount "41"]
[EventDate "2008.05.16"]
[EventType "tourn"]
[EventRounds "11"]
[EventCountry "RUS"]
[EventCategory "1"]
[SourceTitle "CBM 124 Extra"]
[Source "ChessBase"]
[SourceDate "2008.07.03"]
[SourceVersion "1"]
[SourceVersionDate "2008.07.03"]
[SourceQuality "1"]

1. e4 e6 2. d4 d5 3. Nc3 Bb4 4. e5 c5 5. a3 Bxc3+ 6. bxc3 Qa5 7. Bd2 Qa4 8. Qb1 a6 9. Qb3 Qxb3 10. cxb3 Nc6 11. Nf3 Na5 12. b4 Nb3 13. Rb1 c4 14. a4 Bd7 15. a5 Ne7 16. Be2 Nc6 17. 0-0 Na7 18. Bd1 Ba4 19. Bxb3 Bxb3 20. Ne1 Nb5 21. f4 1/2-1/2

[Event "Budapest FS07 IM-A"]
[Site "Budapest"]
[Date "2007.07.10"]
[Round "4"]
[White "Vazirova, Karina"]
[Black "Arjun, Vishnuvardhan"]
[Result "0-1"]
[WhiteElo "2172"]
[BlackElo "2325"]
[PlyCount "83"]
[EventDate "2007.07.07"]
[EventType "tourn"]
[EventRounds "11"]
[EventCountry "HUN"]
[EventCategory "2"]
[SourceTitle "CBM 119 Extra"]
[Source "ChessBase"]
[SourceDate "2007.09.04"]
[SourceVersion "1"]
[SourceVersionDate "2007.09.04"]
[SourceQuality "1"]

1. e4 c5 2. Nf3 Nc6 3. Bb5 e6 4. 0-0 Nge7 5. Re1 a6 6. Bf1 d5 7. exd5 Qxd5 8. c3 Nf5 9. Na3 Qd8 10. Nc2 Be7 11. d4 cxd4 12. cxd4 0-0 13. Bd3 Bf6 14. Bxf5 exf5 15. Bf4 Be6 16. Qd3 Bd5 17. Rad1 Qb6 18. Ne5 Bxe5 19. dxe5 Bxa2 20. Qxf5 Qxb2 21. Bg5 Nxe5 22. Bc1 Be6 23. Qxe6 Nf3+ 24. gxf3 Qxc2 25. Qd5 b5 26. Re4 h6 27. Rde1 Rad8 28. Qe5 Rfe8 29. Qxe8+ Rxe8 30. Rxe8+ Kh7 31. Bf4 b4 32. Rb8 a5 33. Re7 b3 34. Rxf7 b2 35. Rfb7 Qc1+ 36. Kg2 Qxf4 37. Rxb2 Qg5+ 38. Kf1 a4 39. R2b5 Qd2 40. Kg2 Qc2 41. R8b6 a3 42. h3 0-1

[Event "Budapest FS05 IM"]
[Site "Budapest"]
[Date "2007.05.15"]
[Round "11"]
[White "Vazirova, Karina"]
[Black "Farago, Sandor"]
[Result "0-1"]
[WhiteElo "2150"]
[BlackElo "2275"]
[PlyCount "88"]
[EventDate "2007.05.05"]
[EventType "tourn"]
[EventRounds "11"]
[EventCountry "HUN"]
[EventCategory "1"]
[SourceTitle "CBM 118 Extra"]
[Source "ChessBase"]
[SourceDate "2007.07.04"]
[SourceVersion "1"]
[SourceVersionDate "2007.07.04"]
[SourceQuality "1"]

1. e4 Nf6 2. e5 Nd5 3. c4 Nb6 4. d4 d6 5. f4 dxe5 6. fxe5 Nc6 7. Nf3 Bg4 8. Be3 e6 9. Nc3 Be7 10. Be2 Bxf3 11. gxf3 Bh4+ 12. Kf1 f6 13. d5 exd5 14. cxd5 Nxe5 15. Qd4 Ng6 16. Rg1 Qe7 17. Rg4 f5 18. Bb5+ Kf8 19. Rg2 Rd8 20. Qd3 Qf7 21. d6 c6 22. Bxb6 axb6 23. Bc4 Ne5 24. Bxf7 Nxd3 25. Bb3 Bf6 26. Rd2 Nxb2 27. Rc1 Bg5 28. Rcc2 Bxd2 29. Rxd2 b5 30. Rxb2 Rxd6 31. Bc2 Rd2 32. Ne2 Ke7 33. a4 b4 34. a5 c5 35. Ke1 Rhd8 36. Ng3 g6 37. Nf1 Rg2 38. Ra2 Rd4 39. Bb3 Rxa2 40. Bxa2 c4 41. Bb1 b3 42. Nd2 Rh4 43. Ke2 Rxh2+ 44. Ke3 f4+ 0-1

[Event "Budapest FS05 IM"]
[Site "Budapest"]
[Date "2007.05.08"]
[Round "3"]
[White "Mayer, Istvan"]
[Black "Vazirova, Karina"]
[Result "0-1"]
[WhiteElo "2186"]
[BlackElo "2150"]
[PlyCount "83"]
[EventDate "2007.05.05"]
[EventType "tourn"]
[EventRounds "11"]
[EventCountry "HUN"]
[EventCategory "1"]
[SourceTitle "CBM 118 Extra"]
[Source "ChessBase"]
[SourceDate "2007.07.04"]
[SourceVersion "1"]
[SourceVersionDate "2007.07.04"]
[SourceQuality "1"]

1. e4 e6 2. d4 d5 3. e5 c5 4. c3 Nc6 5. Nf3 Bd7 6. Be3 cxd4 7. cxd4 Nge7 8. Nc3 Ng6 9. Bd3 Be7 10. h4 f5 11. exf6 Bxf6 12. Ng5 Nf8 13. Nb5 Qa5+ 14. Kf1 Be7 15. a3 a6 16. b4 Qb6 17. Nc3 Bf6 18. Qh5+ g6 19. Qf3 Qd8 20. Re1 Qe7 21. Nxd5 exd5 22. Bf4 Ne6 23. Bd6 Qxd6 24. Qxf6 Rf8 25. Rxe6+ Bxe6 26. Qxe6+ Qxe6 27. Nxe6 Rf7 28. h5 Ke7 29. hxg6 hxg6 30. Ng5 Rf4 31. Rh7+ Kf6 32. g3 Rxd4 33. f4 Ne5 34. Be2 Rc8 35. Rxb7 Rc1+ 36. Kf2 Rd2 37. Nh7+ Ke6 38. fxe5 Rcc2 39. Nf8+ Kf5 40. g4+ Ke4 41. Nxg6 Rxe2+ 42. Kg3 0-1

[Event "Budapest FS11 IM"]
[Site "Budapest"]
[Date "2006.11.11"]
[Round "8"]
[White "Horvath, Andras"]
[Black "Vazirova, Karina"]
[Result "1-0"]
[WhiteElo "2305"]
[BlackElo "2122"]
[PlyCount "63"]
[EventDate "2006.11.04"]
[EventType "tourn"]
[EventRounds "11"]
[EventCountry "HUN"]
[EventCategory "1"]
[SourceTitle "EXT 2007"]
[Source "ChessBase"]
[SourceDate "2006.11.23"]
[SourceVersion "1"]
[SourceVersionDate "2006.11.23"]
[SourceQuality "1"]

1. e4 c5 2. Nf3 e6 3. d4 d5 4. exd5 exd5 5. Bb5+ Bd7 6. Bxd7+ Qxd7 7. 0-0 Be7 8. Ne5 Qf5 9. Qe2 Nd7 10. Nxd7 Qxd7 11. dxc5 Nf6 12. Re1 Ne4 13. Nd2 Nxc5 14. Nf3 Ne4 15. Ne5 Qe6 16. Qb5+ Kf8 17. Qxb7 Re8 18. Nd3 Qf5 19. Be3 h5 20. Rad1 g5 21. f3 Nd6 22. Qxa7 h4 23. Bc5 Rh6 24. Rxe7 Rxe7 25. Bxd6 Rxd6 26. Qb8+ Kg7 27. Qxd6 Re6 28. Qb4 Qg6 29. Re1 f5 30. Qd4+ Kh7 31. Rxe6 Qxe6 32. Qe5 1-0

[Event "Pardubice op-A"]
[Site "Pardubice"]
[Date "2006.07.24"]
[Round "4"]
[White "Vazirova, Karina"]
[Black "Pakleza, Zbigniew"]
[Result "0-1"]
[WhiteElo "2105"]
[BlackElo "2411"]
[PlyCount "86"]
[EventDate "2006.07.21"]
[EventType "swiss"]
[EventRounds "9"]
[EventCountry "CZE"]
[SourceTitle "CBM 113 Extra"]
[Source "ChessBase"]
[SourceDate "2006.09.14"]
[SourceVersion "1"]
[SourceVersionDate "2006.09.14"]
[SourceQuality "1"]

1. e4 d6 2. d4 Nf6 3. f3 c5 4. d5 e5 5. Be3 Be7 6. Bb5+ Nbd7 7. Ne2 0-0 8. 0-0 a6 9. Bxd7 Bxd7 10. Nd2 b5 11. g4 Ne8 12. Ng3 Bg5 13. Bf2 g6 14. Qe1 Ng7 15. Kh1 Kh8 16. Rg1 Qe7 17. Ndf1 f5 18. gxf5 gxf5 19. c3 Qf6 20. exf5 Bxf5 21. Ne4 Bxe4 22. Qxe4 Qxf3+ 23. Qxf3 Rxf3 24. Bxc5 Be7 25. Ba3 a5 26. Ng3 Rb8 27. b3 b4 28. cxb4 axb4 29. Bb2 Rf2 30. Rg2 Rxg2 31. Kxg2 Rb5 32. Rd1 Ra5 33. Kf3 Rxa2 34. Rd2 Kg8 35. Ke4 Ra5 36. Rc2 Kf7 37. Rc7 Ne8 38. Rb7 Nf6+ 39. Kf5 Rxd5 40. Bc1 Rd3 41. Kg5 Ke6 42. Kh6 Rxb3 43. Kg7 Ng4 0-1

[Event "EU-chT U18 Girls 6th"]
[Site "Balatonlelle"]
[Date "2006.07.18"]
[Round "6"]
[White "Craciun, Paula Iulia"]
[Black "Vazirova, Karina"]
[Result "0-1"]
[WhiteElo "2044"]
[BlackElo "2105"]
[PlyCount "44"]
[EventDate "2006.07.12"]
[EventType "team-swiss"]
[EventRounds "7"]
[EventCountry "HUN"]
[SourceTitle "EXT 2020"]
[Source "ChessBase"]
[SourceDate "2019.10.17"]
[SourceVersion "1"]
[SourceVersionDate "2019.10.17"]
[SourceQuality "1"]
[WhiteTeam "Romania U18 (W)"]
[BlackTeam "Russia U18 (W)"]
[WhiteTeamCountry "ROU"]
[BlackTeamCountry "RUS"]

1. e4 e6 2. d4 d5 3. Nd2 Nf6 4. e5 Nfd7 5. Bd3 c5 6. c3 Nc6 7. Ne2 cxd4 8. cxd4 f6 9. exf6 Nxf6 10. Nf3 Bd6 11. 0-0 0-0 12. Bf4 Bxf4 13. Nxf4 Ne4 14. Ne2 Rxf3 15. gxf3 Ng5 16. Kg2 e5 17. Rg1 Qf6 18. Nc3 Nh3 19. Rf1 Nf4+ 20. Kh1 Nxd4 21. Ne2 Nxf3 22. Ng1 Nxh2 0-1

[Event "EU-chT U18 Girls 6th"]
[Site "Balatonlelle"]
[Date "2006.07.12"]
[Round "1"]
[White "Officer, Amy"]
[Black "Vazirova, Karina"]
[Result "1/2-1/2"]
[WhiteElo "1853"]
[BlackElo "2105"]
[PlyCount "54"]
[EventDate "2006.07.12"]
[EventType "team-swiss"]
[EventRounds "7"]
[EventCountry "HUN"]
[SourceTitle "EXT 2020"]
[Source "ChessBase"]
[SourceDate "2019.10.17"]
[SourceVersion "1"]
[SourceVersionDate "2019.10.17"]
[SourceQuality "1"]
[WhiteTeam "Scotland U18 (W)"]
[BlackTeam "Russia U18 (W)"]
[WhiteTeamCountry "SCO"]
[BlackTeamCountry "RUS"]

1. e4 e6 2. d4 d5 3. e5 c5 4. c3 Qb6 5. Nf3 Nc6 6. a3 Nh6 7. b4 cxd4 8. cxd4 Nf5 9. Bb2 Be7 10. Bd3 Bd7 11. Bxf5 exf5 12. Nc3 Be6 13. Rc1 a5 14. b5 a4 15. 0-0 Na5 16. Nd2 0-0 17. Qc2 Rfc8 18. Qd3 Nb3 19. Nxb3 axb3 20. Ra1 Rc4 21. Rfd1 Rac8 22. Qe3 Qa5 23. Rdc1 f4 24. Qxf4 h6 25. Qe3 Qb6 26. Rd1 Qa5 27. Rdc1 Qb6 1/2-1/2

[Event "EU-ch U16 Girls"]
[Site "Herceg Novi"]
[Date "2005.09.22"]
[Round "8"]
[White "Vazirova, Karina"]
[Black "Lazo, Xenia"]
[Result "0-1"]
[WhiteElo "2109"]
[BlackElo "2036"]
[PlyCount "71"]
[EventDate "2005.09.14"]
[EventType "swiss"]
[EventRounds "9"]
[EventCountry "YUG"]
[SourceTitle "CBM 108 Extra"]
[Source "ChessBase"]
[SourceDate "2005.11.04"]
[SourceVersion "1"]
[SourceVersionDate "2005.11.04"]
[SourceQuality "1"]

1. d4 d5 2. c4 c6 3. Nc3 Nf6 4. e3 a6 5. Nf3 Nbd7 6. Bd3 e6 7. 0-0 Bd6 8. e4 dxe4 9. Nxe4 Nxe4 10. Bxe4 Nf6 11. Bc2 h6 12. b3 Bd7 13. Bb2 Qe7 14. Re1 Ba3 15. Bxa3 Qxa3 16. c5 Qa5 17. Ne5 Qc7 18. Re3 Ke7 19. Nc4 Rag8 20. Nd6 Ne8 21. Nc4 Nf6 22. Rf3 Rf8 23. Qd2 Kd8 24. Nd6 Rhg8 25. b4 Ke7 26. Re1 Ne8 27. Nc4 g5 28. Ne5 Nf6 29. a3 Be8 30. Rh3 h5 31. Rf3 Rg7 32. h4 Rfg8 33. hxg5 Rxg5 34. g3 Nd5 35. Re4 f5 36. Rh4 0-1

[Event "EU-ch U16 Girls"]
[Site "Herceg Novi"]
[Date "2005.09.21"]
[Round "7"]
[White "Agayeva, Aytan"]
[Black "Vazirova, Karina"]
[Result "0-1"]
[WhiteElo "1937"]
[BlackElo "2109"]
[PlyCount "57"]
[EventDate "2005.09.14"]
[EventType "swiss"]
[EventRounds "9"]
[EventCountry "YUG"]
[SourceTitle "CBM 108 Extra"]
[Source "ChessBase"]
[SourceDate "2005.11.04"]
[SourceVersion "1"]
[SourceVersionDate "2005.11.04"]
[SourceQuality "1"]

1. d4 f5 2. g3 Nf6 3. Bg2 g6 4. c4 Bg7 5. Nf3 0-0 6. 0-0 d6 7. Nc3 Qe8 8. b3 e5 9. dxe5 dxe5 10. Ba3 Rf7 11. e4 Nc6 12. Re1 f4 13. Nd5 Bg4 14. Bb2 fxg3 15. hxg3 Rd8 16. Qd3 Nb4 17. Qc3 Bxf3 18. Nxf6+ Rxf6 19. Qxb4 Bh6 20. Qc3 Bxg2 21. Kxg2 Rd2 22. Qxe5 Rfxf2+ 23. Kg1 Rg2+ 24. Kh1 Rh2+ 25. Kg1 Rdg2+ 26. Kf1 Qf7+ 27. Qf6 Rf2+ 28. Kg1 Rxf6 29. Bxf6 0-1

[Event "RUS Summer U16 Girls 2nd"]
[Site "Satka"]
[Date "2005.06.28"]
[Round "2"]
[White "Vazirova, Karina"]
[Black "Melnichuk, Elena"]
[Result "1-0"]
[WhiteElo "2113"]
[BlackElo "2055"]
[PlyCount "61"]
[EventDate "2005.06.27"]
[EventType "swiss"]
[EventRounds "9"]
[EventCountry "RUS"]
[SourceTitle "CBM 107 Extra"]
[Source "ChessBase"]
[SourceDate "2005.09.01"]
[SourceVersion "1"]
[SourceVersionDate "2005.09.01"]
[SourceQuality "1"]

1. e4 c5 2. Nf3 d6 3. d4 cxd4 4. Nxd4 Nf6 5. Nc3 a6 6. Bg5 e6 7. f4 Nbd7 8. Qf3 Be7 9. Bc4 Qb6 10. 0-0-0 Qc7 11. Bb3 Nc5 12. g4 b5 13. Bxf6 Nxb3+ 14. axb3 Bxf6 15. g5 Bxd4 16. Rxd4 Bb7 17. Rhd1 Rd8 18. Qd3 h6 19. h4 hxg5 20. hxg5 Qe7 21. e5 d5 22. Ne4 Kf8 23. Nd6 Rd7 24. Kb1 Rc7 25. Qf3 f6 26. Rh1 Rg8 27. Rh7 f5 28. Qh5 Qd8 29. Rh8 Bc8 30. Qh7 Ke7 31. Rxg8 1-0

[Event "RUS-ch (Women) 1st League"]
[Site "Samara"]
[Date "2005.03.29"]
[Round "7"]
[White "Yakovich, Yuliya"]
[Black "Vazirova, Karina"]
[Result "1-0"]
[WhiteElo "2083"]
[BlackElo "2092"]
[PlyCount "93"]
[EventDate "2005.03.23"]
[EventType "swiss"]
[EventRounds "9"]
[EventCountry "RUS"]
[SourceTitle "CBM 105 Extra"]
[Source "ChessBase"]
[SourceDate "2005.05.01"]
[SourceVersion "1"]
[SourceVersionDate "2005.05.01"]
[SourceQuality "1"]

1. e4 e6 2. d4 d5 3. Nc3 Be7 4. e5 b6 5. f4 Ba6 6. Bd3 Bxd3 7. Qxd3 Nh6 8. Nf3 c5 9. 0-0 Nc6 10. Kh1 Nf5 11. Ne2 h5 12. c3 Qd7 13. Bd2 f6 14. Rae1 0-0-0 15. c4 cxd4 16. Nexd4 Nfxd4 17. Nxd4 Nxd4 18. Qxd4 Bc5 19. Qc3 dxc4 20. Be3 Bxe3 21. Rxe3 f5 22. Qxc4+ Kb8 23. h3 Rc8 24. Qe2 Rhd8 25. Qxh5 Rc2 26. Re2 Qb5 27. Rfe1 Qxb2 28. Rxc2 Qxc2 29. Qf7 Qd2 30. Rf1 Qd7 31. Qxd7 Rxd7 32. Rf2 Kc7 33. Rc2+ Kd8 34. Kg1 Rd4 35. g3 Kd7 36. Kf2 b5 37. Ke3 Rd5 38. g4 g6 39. gxf5 gxf5 40. Rd2 Rxd2 41. Kxd2 Ke7 42. Kc3 Kf7 43. Kb4 Kg6 44. Kxb5 Kh5 45. Kc6 Kh4 46. Kd6 Kg3 47. Kxe6 1-0

[Event "RUS-ch (Women) 1st League"]
[Site "Samara"]
[Date "2005.03.28"]
[Round "6"]
[White "Vazirova, Karina"]
[Black "Turova, Irina"]
[Result "0-1"]
[WhiteElo "2092"]
[BlackElo "2415"]
[PlyCount "90"]
[EventDate "2005.03.23"]
[EventType "swiss"]
[EventRounds "9"]
[EventCountry "RUS"]
[SourceTitle "CBM 105 Extra"]
[Source "ChessBase"]
[SourceDate "2005.05.01"]
[SourceVersion "1"]
[SourceVersionDate "2005.05.01"]
[SourceQuality "1"]

1. c4 e5 2. Nc3 Nc6 3. g3 d6 4. Bg2 Be6 5. Nd5 Qd7 6. e3 Nd8 7. d3 c6 8. Nc3 g6 9. Nge2 Bg7 10. 0-0 Ne7 11. b4 0-0 12. Rb1 d5 13. c5 d4 14. exd4 exd4 15. Ne4 Bxa2 16. Ra1 Bd5 17. Nf4 Ne6 18. Nxd5 Nxd5 19. Bd2 Nc3 20. Bxc3 dxc3 21. Rc1 a5 22. bxa5 Rxa5 23. Nxc3 Nxc5 24. Ne2 Qxd3 25. Nf4 Qxd1 26. Rcxd1 Re8 27. Nd3 Nb3 28. Rfe1 Rxe1+ 29. Rxe1 Bd4 30. Re8+ Kg7 31. Kf1 Ra1+ 32. Re1 Rxe1+ 33. Kxe1 Kf6 34. Kd1 Ke6 35. Ke2 Kd6 36. f4 b5 37. Kd1 c5 38. Kc2 Na5 39. Nc1 c4 40. Na2 Kc5 41. Kb1 b4 42. Nc1 b3 43. Bf1 Be3 44. Ne2 Kb4 45. Kb2 c3+ 0-1

[Event "RUS-ch (Women) 1st League"]
[Site "Samara"]
[Date "2005.03.27"]
[Round "5"]
[White "Stepovaia, Tatiana"]
[Black "Vazirova, Karina"]
[Result "1-0"]
[WhiteElo "2348"]
[BlackElo "2092"]
[PlyCount "117"]
[EventDate "2005.03.23"]
[EventType "swiss"]
[EventRounds "9"]
[EventCountry "RUS"]
[SourceTitle "CBM 105 Extra"]
[Source "ChessBase"]
[SourceDate "2005.05.01"]
[SourceVersion "1"]
[SourceVersionDate "2005.05.01"]
[SourceQuality "1"]

1. c4 f5 2. d4 Nf6 3. Nf3 g6 4. g3 Bg7 5. b4 0-0 6. Bb2 d5 7. c5 b6 8. Bg2 Ne4 9. Nc3 bxc5 10. bxc5 Nc6 11. Rc1 Rb8 12. Ba1 Na5 13. 0-0 Nc4 14. Qc2 c6 15. Nxe4 fxe4 16. Nd2 Nxd2 17. Qxd2 Ba6 18. f3 exf3 19. Bxf3 Qd7 20. Kg2 Bc8 21. g4 Ba6 22. Bc3 Rf7 23. Qe3 Rbf8 24. Rcd1 Bc4 25. a3 Rf4 26. Be1 Bh6 27. Qc3 Bxe2 28. Bxe2 Rxf1 29. Rd3 R1f7 30. Bg3 Bf4 31. Bf3 Bxg3 32. hxg3 g5 33. Re3 h5 34. Re5 hxg4 35. Rxg5+ Rg7 36. Bxg4 e6 37. Qe3 Rf6 38. Rxg7+ Kxg7 39. Qg5+ Rg6 40. Qe5+ Kh7 41. Bh5 Rh6 42. Be2 Qg7 43. Bd3+ Kg8 44. Qb8+ Qf8 45. Qxa7 e5 46. dxe5 Qc8 47. Qe7 Qh3+ 48. Kf3 Qh1+ 49. Kf4 Qc1+ 50. Kf5 Rh5+ 51. Ke6 Qh6+ 52. Kd7 Qg7 53. Qxg7+ Kxg7 54. Kxc6 Rxe5 55. Bb5 Kf6 56. Kd6 Rg5 57. c6 Rxg3 58. c7 Rc3 59. Bc6 1-0

[Event "RUS-ch (Women) 1st League"]
[Site "Samara"]
[Date "2005.03.26"]
[Round "4"]
[White "Semenova, Irina"]
[Black "Vazirova, Karina"]
[Result "0-1"]
[WhiteElo "2303"]
[BlackElo "2092"]
[PlyCount "126"]
[EventDate "2005.03.23"]
[EventType "swiss"]
[EventRounds "9"]
[EventCountry "RUS"]
[SourceTitle "CBM 105 Extra"]
[Source "ChessBase"]
[SourceDate "2005.05.01"]
[SourceVersion "1"]
[SourceVersionDate "2005.05.01"]
[SourceQuality "1"]

1. e4 e6 2. d4 d5 3. Nc3 Bb4 4. e5 c5 5. a3 Bxc3+ 6. bxc3 Qa5 7. Bd2 Qa4 8. Nf3 b6 9. h4 cxd4 10. cxd4 Ba6 11. h5 h6 12. c3 Qxd1+ 13. Kxd1 Bxf1 14. Rxf1 Nc6 15. Bc1 Na5 16. Nd2 Ne7 17. a4 Rc8 18. Kc2 Nc4 19. Nb3 Nc6 20. Ba3 Kd7 21. Kd3 Rc7 22. Ra2 Rhc8 23. f4 a5 24. Bc1 Ne7 25. Rf3 Nf5 26. Rc2 Ne7 27. Ke2 f5 28. exf6 gxf6 29. f5 e5 30. Bxh6 e4 31. Rh3 Nxf5 32. Bf4 Nfd6 33. g4 Ke6 34. Kd1 Rg7 35. Rg2 Nf7 36. Nc1 Ng5 37. Rhg3 Nf3 38. Bh6 Rh7 39. Bf4 Rg7 40. Bh6 Rh7 41. Bf4 Rg8 42. Nd3 exd3 43. Rxf3 Rxh5 44. Rxd3 Rh1+ 45. Ke2 Ra1 46. Kf3 Rxa4 47. Rh2 Ra1 48. Bg3 a4 49. Rh7 a3 50. Ra7 a2 51. Bf2 Rh8 52. Kg2 Rhh1 53. Rf3 Na5 54. Re3+ Kd6 55. Rf3 Rh6 56. Bg3+ Kc6 57. c4 Rg1+ 58. Kxg1 a1Q+ 59. Rf1 Qxd4+ 60. Rf2 Nb7 61. cxd5+ Qxd5 62. Rc2+ Nc5 63. Rc7+ Kb5 0-1

[Event "RUS-ch (Women) 1st League"]
[Site "Samara"]
[Date "2005.03.23"]
[Round "1"]
[White "Vazirova, Karina"]
[Black "Chistiakova, Tamara"]
[Result "0-1"]
[WhiteElo "2092"]
[BlackElo "2310"]
[PlyCount "74"]
[EventDate "2005.03.23"]
[EventType "swiss"]
[EventRounds "9"]
[EventCountry "RUS"]
[SourceTitle "CBM 105 Extra"]
[Source "ChessBase"]
[SourceDate "2005.05.01"]
[SourceVersion "1"]
[SourceVersionDate "2005.05.01"]
[SourceQuality "1"]

1. d4 d5 2. Nf3 Nf6 3. g3 c6 4. Bg2 Bf5 5. 0-0 e6 6. c4 Nbd7 7. Qb3 Qb6 8. c5 Qa6 9. Nc3 b6 10. cxb6 axb6 11. Bf4 Be7 12. a3 0-0 13. Rac1 h6 14. Rfd1 Rfc8 15. Bf1 Qa5 16. Ne1 Ne8 17. Nd3 Nd6 18. Qb4 Qxb4 19. Nxb4 Nc4 20. e4 Bg4 21. Re1 Bxb4 22. axb4 Nxb2 23. Rc2 Nc4 24. h3 Bh5 25. Bxc4 dxc4 26. g4 Bg6 27. Ra2 Rxa2 28. Nxa2 f6 29. Nc3 Ra8 30. f3 e5 31. Be3 exd4 32. Bxd4 Ne5 33. Kg2 Nd3 34. Rd1 Ra3 35. Nb1 Rb3 36. Bxb6 c3 37. Rxd3 c2 0-1

[Event "RUS-ch (Women) 1st League"]
[Site "Kolontaevo"]
[Date "2005.01.??"]
[Round "5"]
[White "Deriabina, Svetlana"]
[Black "Vazirova, Karina"]
[Result "0-1"]
[WhiteElo "2141"]
[BlackElo "2092"]
[PlyCount "110"]
[EventDate "2005.01.??"]
[EventType "swiss"]
[EventRounds "9"]
[EventCountry "RUS"]
[SourceTitle "EXT 2006"]
[Source "ChessBase"]
[SourceDate "2005.11.24"]
[SourceVersion "1"]
[SourceVersionDate "2005.11.24"]
[SourceQuality "1"]

1. e4 c5 2. c3 e5 3. d4 cxd4 4. cxd4 Nf6 5. Nc3 exd4 6. Qxd4 Nc6 7. Qa4 Bc5 8. Be2 0-0 9. Nf3 Re8 10. 0-0 d5 11. exd5 Nxd5 12. Rd1 Be6 13. Nxd5 Bxd5 14. Bc4 Nd4 15. Be3 Bxf3 16. gxf3 Nxf3+ 17. Kg2 Qh4 18. Kxf3 Qh3+ 19. Ke2 Rxe3+ 20. Kd2 Rd8+ 21. Kc1 Rxd1+ 22. Qxd1 Rc3+ 23. bxc3 Qxc3+ 24. Kb1 Bd4 25. Qb3 Qe1+ 26. Kc2 Qxf2+ 27. Kb1 Qe1+ 28. Kc2 Bxa1 29. Bxf7+ Kf8 30. Bd5 Qf2+ 31. Kb1 Qg1+ 32. Kc2 Qxh2+ 33. Kb1 Qg1+ 34. Kc2 Qg6+ 35. Kd2 Qg5+ 36. Kc2 Qf5+ 37. Kc1 Qf4+ 38. Kc2 Qc7+ 39. Kb1 Bf6 40. Bxb7 Qb6 41. Qxb6 axb6 42. Be4 g6 43. Kc2 Kg7 44. Kd3 h5 45. a4 g5 46. Kc4 g4 47. Kb5 Bd8 48. Kc6 Kh6 49. Kd7 Bg5 50. Kc6 Be3 51. Kb5 h4 52. a5 bxa5 53. Kxa5 h3 54. Kb4 g3 55. Bf5 g2 0-1